00720nam a2200229Ia 4500003000400000005001700004008004100021020002200062040000700084041000800091082002200099100002400121245003900145260004400184300001700228365001300245650002500258906003900283942001200322999001900334952013700353OSt20230427145617.0210423s2018 xx 000 0 und d a978-93-5142-635-6 cAL aeng a302.23 223bRAYM aRAYUDU (C S)994184 aMedia and communication management aMumbaibHimalaya Publishing Housec2018 axiii,720bPB b625cINR aCommunication994185 acommunication ; management ; Media 2ddccBK c170391d170391 001040708MAJMCaSACPGbSACPGd2019-10-28eSapna Book Houseg625.00l0o302.23 RAYMpPG016893r2022-08-24 00:00:00w2021-04-26yBK